03166cam a2200385Ia 45000010006000000050017000060080041000230350023000640400046000870200022001330200025001550290019001800350020001990430012002190900022002310490009002532450083002622500017003452600067003623000026004295040051004555050494005065050767010005050607017676500044023746500042024186500037024607000019024979380040025169380071025569420012026279940014026399990019026539520108026725036320230411090002.0990204s1998 enk b 001 0 eng d a(OCoLC)ocm40733459 aSNMcSNMdOCLCQdNGWdOCLCQdBAKERdYDXCP a0521645654 (pbk.) a9780521645652 (pbk.)1 aYDXCPb1480917 a(OCoLC)40733459 an-us--- aHV2545b.C85 1998 aGRAL00aCultural and language diversity and the deaf experienceceditor, Ila Parasnis. a1st pbk. ed. aCambridge ;aNew York, NY :bCambridge University Press,c2007 axiv, 306 p. ;c24 cm. aIncludes bibliographical references and index.00gPart I. Bilingualism-biculturalism and the deaf experience: an overview.tOn interpreting the deaf experience within the context of cultural and language diversity /rIla Parasnis --tLiving with two languages and two cultures /rFrancois Grosjean --tPerspectives from the history and the politics of bilingualism and bilingual education in the United States /rKenji Hakuta, Elizabeth Feldman Mostafapour --tCognitive and language development of bilingual children /rJosiane F. Hamers.00gPart II. Psychosocial, cognitive, and language experiences of deaf people.tFrom the cultural to the bicultural: the modern deaf community /rCarol A. Padden --tEarly bilingual lives of deaf children /rCarol A. Padden --tCommunication experiences of deaf people: an ethnographic account /rSusan B. Foster --tMarginality, biculturalism, and social identity of deaf people /rR. Greg Emerton --tAttitudes of the deaf community toward political activism /rGerald C. Bateman --tCultural and language diversity in the curriculum: toward reflective practice /rBonnie Meath-Lang --tMinority empowerment and the education of deaf people /rJoan B. Stone --tSocial assimilation of deaf high school students: the role of school environment /rThomas K. Holcomb.00gPart III. The Deaf experience: personal reflections.tGrowing up deaf in deaf families: two different experiences /rSusan C. Searls, David R. Johnston --tAnother new birth: reflections of a deaf native signer /rPatrick A. Graybill --tRaising deaf children in hearing society: struggles and challenges for deaf native ASL signers /rGary E. Mowl --tIn search of self: experiences of a postlingually deaf African-American /rDianne K. Brooks --tLiving in a bilingual-bicultural family /rLynn Finton --tOn being both hearing and deaf: my bilingual-bicultural experience /rPatricia Mudgett-DeCaro. 0aDeafzUnited StatesxSocial conditions. 0aLinguistic minoritieszUnited States. 0aMulticulturalismzUnited States.1 aParasnis, Ila. aYBP Library ServicesbYANKn1480917 aBaker & TaylorbBKTYc31.99d31.99i0521645654n0003196857sactive 2lcccbk aC0bDRFGD c110429d110429 00102lcc40708APTaBJBbBJBcAPTd2023-04-11l0p00000052378r2019-02-17 00:00:00t1w2019-02-17ybk